LEADER 02351nam 2200541 450 001 996212473003316 005 20230421041122.0 010 $a981-4529-00-1 035 $a(CKB)111026746720570 035 $a(SSID)ssj0000455095 035 $a(PQKBManifestationID)12123623 035 $a(PQKBTitleCode)TC0000455095 035 $a(PQKBWorkID)10399559 035 $a(PQKB)11567689 035 $a(MiAaPQ)EBC4854031 035 $a(WSP)0003671 035 $a(EXLCZ)99111026746720570 100 $a20170529h19971997 uy 0 101 0 $aeng 135 $aurcnu|||||||| 181 $ctxt 182 $cc 183 $acr 200 10$aAlgorithms and architectures for parallel processing$b[e-book] $e1997 3rd international conference, Melbourne, Australia, December 10-12 1997 /$feditors Andrzej Goscinski, Michael Hobbs, Wanlei Zhou 210 1$aSingapore :$cWorld Scientific,$d1997. 210 4$d©1997 215 $a1 online resource (793 pages) $cillustrations 300 $aBibliographic Level Mode of Issuance: Monograph 311 $a0-7803-4229-1 320 $aIncludes bibliographical references at the end of each chapters and index. 330 $a"The IEEE Third International Conference on Algorithms and Architectures for Parallel Processing (ICA3PP-97) will be held in Melbourne, Australia from December 8th to 12th, 1997. The purpose of this important conference is to bring together developers and researchers from universities, industry and government to advance science and technology in distributed and parallel systems and processing."--Publisher's website. 606 $aParallel processing (Electronic computers)$vCongresses 615 0$aParallel processing (Electronic computers) 676 $a004/.35 702 $aGos?cin?ski$b Andrzej 702 $aHobbs$b Michael 702 $aZhou$b Wanlei 712 02$aDeakin University. 712 02$aDeakin University.$bFaculty of Science and Technology. 712 02$aInstitute of Electrical and Electronics Engineers.$bVictorian Section. 712 12$aInternational Conference on Algorithms and Architectures for Parallel Processing 801 0$bMiAaPQ 801 1$bMiAaPQ 801 2$bMiAaPQ 906 $aBOOK 912 $a996212473003316 996 $aAlgorithms and Architectures for Parallel Processing$9773147 997 $aUNISA LEADER 01968oam 2200517M 450 001 9910716252703321 005 20200213070509.6 035 $a(CKB)5470000002519598 035 $a(OCoLC)1065780296 035 $a(OCoLC)995470000002519598 035 $a(EXLCZ)995470000002519598 100 $a20071213d1926 ua 0 101 0 $aeng 135 $aurcn||||||||| 181 $ctxt$2rdacontent 182 $cc$2rdamedia 183 $acr$2rdacarrier 200 10$aExtension of purpose and duties of the Bureau of Education. May 6 (calendar day, May 8), 1926. -- Ordered to be printed 210 1$a[Washington, D.C.] :$c[U.S. Government Printing Office],$d1926. 215 $a1 online resource (3 pages) 225 1 $aSenate report / 69th Congress, 1st session. Senate ;$vno. 776 225 1 $a[United States congressional serial set ] ;$v[serial no. 8526] 300 $aBatch processed record: Metadata reviewed, not verified. Some fields updated by batch processes. 300 $aFDLP item number not assigned. 517 $aExtension of purpose and duties of the Bureau of Education. May 6 606 $aEducation 606 $aExecutive departments$xReorganization 606 $aAdministrative agencies$xReorganization 606 $aFederal government 606 $aLegislative amendments 608 $aLegislative materials.$2lcgft 615 0$aEducation. 615 0$aExecutive departments$xReorganization. 615 0$aAdministrative agencies$xReorganization. 615 0$aFederal government. 615 0$aLegislative amendments. 701 $aPhipps$b Lawrence Cowle$f1862-1958$pRepublican (CO)$01396952 801 0$bWYU 801 1$bWYU 801 2$bOCLCO 801 2$bOCLCQ 801 2$bOCLCO 906 $aBOOK 912 $a9910716252703321 996 $aExtension of purpose and duties of the Bureau of Education. May 6 (calendar day, May 8), 1926. -- Ordered to be printed$93463470 997 $aUNINA LEADER 02031nam0 22004813i 450 001 LO10057387 005 20251003044206.0 010 $a8815030042 020 $aIT$b92-8810 100 $a19961021d1991 ||||0itac50 ba 101 | $aita 102 $ait 181 1$6z01$ai $bxxxe 182 1$6z01$an 183 1$6z01$anc$2RDAcarrier 200 1 $aDa banca a impresa$eFiatimpresit 1929-1989$fGiovanni Vigo 210 $aBologna$cIl mulino$d1991 215 $a223 p.$d22 cm 225 | $aˆIl ‰mulino Ricerca 410 0$1001CFI0165927$12001 $aˆIl ‰mulino Ricerca 500 10$aDa banca a impresa$3MSE0072277$9CFIV094283$9195737 606 $aFIATIMPRESIT$xSTORIA$x1985-1989$2FIR$3MILC087508$9I 676 $a332$9ECONOMIA FINANZIARIA$v23 676 $a338.4$9INDUSTRIE SECONDARIE E SERVIZI$v12 676 $a338.70945$9IMPRESE E LORO STRUTTURA. ITALIA$v20 676 $a338.76240945$9$v21 676 $a338.7629$9$v19 686 $aIT/X432.3$cGRANDE INDUSTRIA PRIVATA MULTINAZIONALI ITALIA$2R 686 $aIT/X432.9$cCOMPARTI INDUSTRIALI ITALIA$2R 686 $aIT/X433.2$cURBANISTICA EDILIZIA ITALIA$2R 686 $aTA 217$c$2C 686 $aX30.2$cINDUSTRIA$2R 700 1$aVigo$b, Giovanni$3CFIV094283$4070$0102307 790 1$aVigo$b, Giovanni$f <1942- >$3MILV365930$zVigo, Giovanni 801 3$aIT$bIT-000000$c19961021 850 $aIT-BN0095 $aIT-NA0457 901 $bNAP BI$cSALA 3 $nLibri da 1597 a 3785 901 $bNAP 01$cPOZZO LIB.$nVi sono collocati fondi di economia, periodici di ingegneria e scienze, periodici di economia e statistica e altri fondi comprendenti documenti di economia pervenuti in dono. 912 $aLO10057387 950 0$aBiblioteca Centralizzata di Ateneo$c1 v.$d 01POZZO LIB.ECON MON 6619$e 0101 0700162135E VMA 1 v. (Precedente collocazione 16 EC 213)$fB $h20220718$i20220718 977 $a 01$a BI 996 $aDa banca a impresa$9195737 997 $aUNISANNIO